Rocket League Showroom Cars - Statistics

General Stats
  • This quiz has been taken 116 times
  • The average score is 7 of 12
Answer Stats
DLC Car % Correct
Batman vs Superman Batmobile
97%
Back to the Future Delorean
80%
Hot Wheels Twin Mill
66%
Starbase Arc Vulcan
60%
Fate of the Furious Ice Charger
59%
Neo Tokyo Masamune
59%
Hot Wheels Bone Shaker
58%
Neo Tokyo Esper
58%
Aquadome Triton
54%
Aquadome Proteus
51%
Neo Tokyo Aftershock
49%
Neo Tokyo Marauder
42%
No matching quizzes found
Score Distribution
Percent of People with Each Score
Percentile by Number Answered
Your Score History
You have not taken this quiz